[Event "Pardubice Czech op-D 30th"]
[Site "Pardubice"]
[Date "2019.07.25"]
[Round "7"]
[White "Usov, Olexandr"]
[Black "Chlewinski, Artur"]
[Result "0-1"]
[WhiteElo "1615"]
[BlackElo "1376"]
[PlyCount "84"]
[EventDate "2019.07.20"]
[EventType "swiss"]
[EventRounds "9"]
[EventCountry "CZE"]
[SourceTitle "EXT 2020"]
[Source "ChessBase"]
[SourceDate "2019.10.17"]
[SourceVersion "1"]
[SourceVersionDate "2019.10.17"]
[SourceQuality "1"]

1. Nf3 Nf6 2. d4 e6 3. g3 c5 4. Bg2 Nc6 5. 0-0 cxd4 6. Nxd4 d5 7. c4 Bc5 8. Nxc6 bxc6 9. Qc2 Bb6 10. c5 Bc7 11. e4 d4 12. Rd1 e5 13. Qa4 Bd7 14. Na3 0-0 15. Bg5 h6 16. Bxf6 Qxf6 17. Rd3 Rfb8 18. Rb1 a5 19. Qc2 Qe7 20. b3 Rb4 21. Rbd1 Rab8 22. Qc1 Be6 23. f4 f6 24. f5 Bf7 25. Bf1 a4 26. Nc2 R4b7 27. b4 Bxa2 28. Ra3 Bb3 29. Rxb3 axb3 30. Bc4+ Kh8 31. Bxb3 Ba5 32. Ba4 Bxb4 33. Bxc6 Bxc5 34. Bxb7 Qxb7 35. Re1 d3+ 36. Ne3 Qb4 37. Qd1 Qxe4 38. Qc1 Rc8 39. Kf1 Qf3+ 40. Kg1 Bxe3+ 41. Qxe3 Qxe3+ 42. Rxe3 d2 0-1

[Event "Pardubice Czech op-D 30th"]
[Site "Pardubice"]
[Date "2019.07.23"]
[Round "5"]
[White "Usov, Olexandr"]
[Black "Dusanek, Michal"]
[Result "1/2-1/2"]
[WhiteElo "1615"]
[BlackElo "1335"]
[PlyCount "74"]
[EventDate "2019.07.20"]
[EventType "swiss"]
[EventRounds "9"]
[EventCountry "CZE"]
[SourceTitle "EXT 2020"]
[Source "ChessBase"]
[SourceDate "2019.10.17"]
[SourceVersion "1"]
[SourceVersionDate "2019.10.17"]
[SourceQuality "1"]

1. Nf3 Nf6 2. d4 e6 3. g3 d5 4. Bg2 c5 5. 0-0 Nc6 6. c3 Be7 7. dxc5 Bxc5 8. Nbd2 0-0 9. b4 Bd6 10. a4 Qc7 11. Bb2 Bd7 12. Rc1 Rac8 13. Nb3 h6 14. Nbd4 Nxd4 15. Nxd4 a6 16. Re1 Rfe8 17. Nf3 b5 18. a5 Bc6 19. Nd2 Qb7 20. Nb3 Red8 21. Nd4 Rc7 22. Qd3 Rdc8 23. Nxc6 Rxc6 24. e4 dxe4 25. Bxe4 Nxe4 26. Qxe4 R6c7 27. Qd4 Be7 28. Qg4 Bf6 29. Re3 Qd5 30. Rf3 Qg5 31. Qxg5 Bxg5 32. Rc2 Bf6 33. Rd3 Kf8 34. Kf1 Rc4 35. Rc1 R8c7 36. Ke2 Bg5 37. Rcd1 Bf6 1/2-1/2

[Event "Pardubice Czech op-D 29th"]
[Site "Pardubice"]
[Date "2018.07.25"]
[Round "6"]
[White "Vrzal, Tomas"]
[Black "Usov, Olexandr"]
[Result "1/2-1/2"]
[WhiteElo "1679"]
[BlackElo "1449"]
[PlyCount "116"]
[EventDate "2018.07.21"]
[EventType "swiss"]
[EventRounds "9"]
[EventCountry "CZE"]
[SourceTitle "CBM 186 Extra"]
[Source "ChessBase"]
[SourceDate "2018.08.24"]
[SourceVersion "1"]
[SourceVersionDate "2018.08.24"]
[SourceQuality "1"]

1. e4 c6 2. d4 d5 3. exd5 cxd5 4. Nf3 Nc6 5. Bf4 Nf6 6. h3 Bf5 7. Bd3 Bxd3 8. Qxd3 e6 9. 0-0 Bd6 10. Bg5 0-0 11. c3 Be7 12. Nbd2 Rc8 13. Rfe1 Na5 14. Ne5 Nd7 15. Nxd7 Qxd7 16. Bxe7 Qxe7 17. Re3 Nc4 18. Nxc4 Rxc4 19. Rae1 Rfc8 20. f4 a5 21. f5 R4c6 22. Qb5 Qd7 23. fxe6 fxe6 24. Qxa5 Ra6 25. Qb4 Rcc6 26. Rf1 Ra8 27. a3 Rc4 28. Qb6 Ra6 29. Qb3 Rcc6 30. Re5 Rcb6 31. Qc2 Ra8 32. Qe2 Rc6 33. Qg4 Rf8 34. Rxf8+ Kxf8 35. Qf3+ Kg8 36. Re2 Rc7 37. Rf2 Qe7 38. Qf4 Rc8 39. Qe5 Rd8 40. Re2 Kf7 41. Rf2+ Kg8 42. Qe2 Qd7 43. Qd3 Rc8 44. Qd1 Re8 45. Qh5 Re7 46. Qe5 Re8 47. Qe2 Qc6 48. Qd3 Qd7 49. b3 Ra8 50. a4 Rc8 51. Rc2 Rd8 52. Qb5 Qxb5 53. axb5 Ra8 54. c4 Ra1+ 55. Kf2 Ra3 56. Rb2 dxc4 57. bxc4 Rd3 58. c5 Rxd4 1/2-1/2

[Event "Pardubice Czech op-D 29th"]
[Site "Pardubice"]
[Date "2018.07.24"]
[Round "5"]
[White "Strube, Patrick"]
[Black "Usov, Olexandr"]
[Result "0-1"]
[WhiteElo "1597"]
[BlackElo "1449"]
[PlyCount "61"]
[EventDate "2018.07.21"]
[EventType "swiss"]
[EventRounds "9"]
[EventCountry "CZE"]
[SourceTitle "CBM 186 Extra"]
[Source "ChessBase"]
[SourceDate "2018.08.24"]
[SourceVersion "1"]
[SourceVersionDate "2018.08.24"]
[SourceQuality "1"]

1. e4 c6 2. d4 d5 3. exd5 cxd5 4. Nc3 Nf6 5. Bg5 Nc6 6. Bb5 Bf5 7. Bxf6 exf6 8. Qf3 Be6 9. Nge2 Bb4 10. 0-0 0-0 11. Rad1 a6 12. Ba4 Qd7 13. h3 Bxc3 14. Nxc3 Rad8 15. Bb3 Na5 16. Na4 Qd6 17. Rd3 Rfe8 18. a3 Bd7 19. Nc5 Bb5 20. Ba2 b6 21. c4 dxc4 22. Ne4 Rxe4 23. Qxe4 cxd3 24. Rc1 d2 25. Rd1 Qxd4 26. Qe7 Qd7 27. Qe3 Nc4 28. Qc3 Qd3 29. Qb4 Qe2 30. Bb3 Nxb2 31. Qe7 0-1